Simulačná podpora riadenia PVS : Diplomová práca

Salvato in:
Dettagli Bibliografici
Autore principale: Slobodník, Martin (Autore)
Altri autori: Važan, Pavel (xxx)
Natura: Manoscritto Libro
Lingua:slovacco
Pubblicazione: Trnava : STU v Bratislave MtF KAIA, 2001
Soggetti:
Tags: Aggiungi Tag
Nessun Tag, puoi essere il primo ad aggiungerne!!

MARC

LEADER 00000ntm a22000003a 4500
001 stu85565
005 20160719154732.4
008 040401s2001----xo------------------slo-d
040 |a STU  |b slo 
041 0 |a slo 
044 |a xo 
100 1 |a Slobodník, Martin  |4 aut 
245 1 |a Simulačná podpora riadenia PVS :  |b Diplomová práca 
260 |a Trnava :  |b STU v Bratislave MtF KAIA,  |c 2001 
300 |a 85 s  |c príl 
650 7 |a aplikovaná informatika a automatizácia v priemysle  |2 stusub 
650 7 |a manažment výrobných systémov  |2 stusub 
700 1 |a Važan, Pavel  |4 xxx